000 00264nam a2200109Ia 4500
008 190914s9999||||xx |||||||||||||| ||und||
100 _aReinhard Wilhelm
245 0 _aCompiler Design
260 _aNew Delhi
_bTata McGraw Hill
_c2000
300 _a354
942 _cBK
999 _c9646
_d9646